[Event "DM 2022 G5 1"]
[Site "Svendborg"]
[Date "2022.04.09"]
[Round "1"]
[White "Mott, Jens"]
[Black "Hanuscheck, Jorgen Peter"]
[Result "1-0"]
[WhiteElo "1923"]
[BlackElo "1631"]
[PlyCount "83"]
[EventDate "2022.04.09"]
[EventType "swiss"]
[EventRounds "5"]
[EventCountry "DEN"]

1. e4 c5 2. Nf3 Nc6 3. d4 cxd4 4. Nxd4 g6 5. Nxc6 bxc6 6. Qd4 Nf6 7. e5 Nd5 8.
Bc4 Bg7 9. O-O O-O 10. Bxd5 cxd5 11. Qxd5 Ba6 12. Re1 Qc7 13. Na3 e6 14. Qe4 d6
15. Bf4 dxe5 16. Bxe5 Bxe5 17. Qxe5 Qb6 18. c4 Rfc8 19. b3 Rc5 20. Qe3 Rac8 21.
Nb1 Qa5 22. Nc3 Bxc4 23. Ne4 Bd5 24. Nxc5 Rxc5 25. Rec1 Rc7 26. Qe5 Rxc1+ 27.
Rxc1 Qd8 28. h3 a6 29. Kh2 h5 30. Rc3 Kh7 31. Rc7 Kg8 32. Qc3 Qd6+ 33. g3 e5
34. Qc5 Qe6 35. Re7 Qc6 36. Qxc6 Bxc6 37. Rxe5 Kg7 38. Rc5 Bf3 39. Rc3 Be2 40.
f3 Kf6 41. Kg2 Ke6 42. Re3+ 1-0

[Event "DM 2022 G5 1"]
[Site "Svendborg"]
[Date "2022.04.09"]
[Round "1"]
[White "Hansen, Allan Hallgren"]
[Black "Ostergreen Johansen, Benjamin"]
[Result "0-1"]
[WhiteElo "1563"]
[BlackElo "1800"]
[PlyCount "76"]
[EventDate "2022.04.09"]
[EventType "swiss"]
[EventRounds "5"]
[EventCountry "DEN"]

1. d4 Nf6 2. c4 e5 3. dxe5 Ng4 4. Nc3 Nxe5 5. e3 Bb4 6. Bd2 a5 7. Be2 O-O 8.
Nf3 Nbc6 9. O-O Nxf3+ 10. Bxf3 Ne5 11. Be2 Ra6 12. Nd5 Bxd2 13. Qxd2 Rh6 14. e4
c6 15. Nf4 Qh4 16. h3 d6 17. g3 Qf6 18. h4 Ng6 19. Nxg6 Rxg6 20. Bh5 Rh6 21.
Qe2 Re8 22. Qf3 Qe6 23. Qe2 Qxe4 24. Rfe1 Qxe2 25. Bxe2 Rhe6 26. Kf1 Re5 27. f4
Re4 28. b3 Kf8 29. Rad1 Bh3+ 30. Kf2 Rxe2+ 31. Rxe2 Rxe2+ 32. Kxe2 Bg4+ 33. Kd2
Bxd1 34. Kxd1 Ke7 35. Kd2 Ke6 36. Ke3 Kf5 37. Kf3 h5 38. a3 b6 0-1

[Event "DM 2022 G5 1"]
[Site "Svendborg"]
[Date "2022.04.09"]
[Round "1"]
[White "Larsen, Kasper"]
[Black "Perzynski, Oskar"]
[Result "1-0"]
[WhiteElo "1815"]
[BlackElo "1400"]
[PlyCount "81"]
[EventDate "2022.04.09"]
[EventType "swiss"]
[EventRounds "5"]
[EventCountry "DEN"]

1. d4 d5 2. Nf3 Bf5 3. e3 e6 4. c4 Nf6 5. Nc3 Bb4 6. Qa4+ Nc6 7. Ne5 Bxc3+ 8.
bxc3 O-O 9. Nxc6 Qd7 10. Ba3 Rfe8 11. Ne7+ Rxe7 12. Qxd7 Rxd7 13. f3 Rad8 14.
g4 Bg6 15. g5 Nh5 16. Kf2 Bf5 17. h4 g6 18. c5 c6 19. c4 f6 20. cxd5 exd5 21.
Bh3 Bxh3 22. Rxh3 Re8 23. gxf6 Nxf6 24. Bb4 Rf7 25. Rg1 a5 26. Be1 a4 27. a3
Nh5 28. Bd2 Ng7 29. h5 Nxh5 30. Rxh5 Ref8 31. f4 Kg7 32. Rhg5 Rf5 33. Rxf5 Rxf5
34. Rb1 Rh5 35. Rxb7+ Kh6 36. Kg2 g5 37. Rc7 gxf4 38. exf4 Rh4 39. f5+ Kh5 40.
Rxh7+ Kg4 41. Rxh4+ 1-0

[Event "DM 2022 G5 1"]
[Site "Svendborg"]
[Date "2022.04.09"]
[Round "1"]
[White "Lauritsen, Johan"]
[Black "Hansen, Martin"]
[Result "0-1"]
[WhiteElo "1446"]
[BlackElo "1703"]
[PlyCount "110"]
[EventDate "2022.04.09"]
[EventType "swiss"]
[EventRounds "5"]
[EventCountry "DEN"]

1. e4 e6 2. Nc3 d5 3. d4 Bb4 4. e5 c5 5. Nf3 cxd4 6. Qxd4 Nc6 7. Bb5 Bd7 8.
Bxc6 Bxc3+ 9. Qxc3 Bxc6 10. O-O Rc8 11. Qb3 Ne7 12. Bg5 O-O 13. Qb4 Re8 14.
Rfd1 Qc7 15. Bxe7 Qxe7 16. Qb3 a6 17. c3 Bb5 18. Qc2 Rc4 19. Rd4 Rec8 20. Qd2
h6 21. Qf4 Rxd4 22. Nxd4 Bd3 23. Re1 b5 24. Re3 Bg6 25. b4 a5 26. bxa5 Qa3 27.
Re1 Qxc3 28. Nf3 Qxa5 29. Ra1 Rc2 30. Nd4 Rxa2 31. Rxa2 Qxa2 32. Qc1 b4 33. Nc6
b3 34. Ne7+ Kh7 35. h3 Qb1 36. Qxb1 Bxb1 37. Nxd5 exd5 38. Kh2 Bf5 39. g4 Be4
40. e6 fxe6 41. h4 b2 42. Kg3 b1=Q 43. f3 Qd3 44. Kf4 Qxf3+ 45. Ke5 Qf6+ 46.
Kd6 e5+ 47. Kc5 d4 48. g5 Qc6+ 49. Kb4 d3 50. g6+ Kxg6 51. h5+ Kxh5 52. Kb3 d2
53. Kb4 d1=Q 54. Ka3 Qc3+ 55. Ka2 Bd5# 0-1

[Event "DM 2022 G5 1"]
[Site "Svendborg"]
[Date "2022.04.09"]
[Round "1"]
[White "Velarde, Andrew"]
[Black "Hansen, Jorgen Holm"]
[Result "1-0"]
[WhiteElo "1753"]
[BlackElo "1243"]
[PlyCount "81"]
[EventDate "2022.04.09"]
[EventType "swiss"]
[EventRounds "5"]
[EventCountry "DEN"]

1. e4 e5 2. d4 Nc6 3. d5 Nb8 4. Nf3 d6 5. c4 Bg4 6. Nc3 Nf6 7. Be2 Be7 8. Qb3
O-O 9. Qb4 b6 10. Qxb6 Nbd7 11. Qb3 Nc5 12. Qc2 h6 13. b4 Ncd7 14. O-O Rb8 15.
a3 Rb7 16. Be3 Bxf3 17. Bxf3 h5 18. h3 Nb6 19. Qe2 Qc8 20. c5 dxc5 21. bxc5 Na8
22. Qc4 Bd8 23. Be2 Rb8 24. Qa4 Be7 25. Rfc1 Qb7 26. Rab1 Qc8 27. Ba6 Qe8 28.
Rxb8 Qxb8 29. Rb1 Qe8 30. Bb5 Qb8 31. Bc6 Qc8 32. Qxa7 Nd7 33. a4 Rd8 34. Qa5
g6 35. Bb7 Qb8 36. Ba6 Qa7 37. Nb5 Qb8 38. Nc3 Qa7 39. Rb7 Qxb7 40. Bxb7 Nf6
41. Bxa8 1-0

[Event "DM 2022 G5 1"]
[Site "Svendborg"]
[Date "2022.04.10"]
[Round "2"]
[White "Hansen, Martin"]
[Black "Mott, Jens"]
[Result "0-1"]
[WhiteElo "1703"]
[BlackElo "1923"]
[PlyCount "92"]
[EventDate "2022.04.09"]
[EventType "swiss"]
[EventRounds "5"]
[EventCountry "DEN"]

1. e4 e5 2. Bc4 Nf6 3. d4 exd4 4. Nf3 d5 5. exd5 Qe7+ 6. Qe2 Qxe2+ 7. Kxe2 Bg4
8. Re1 Be7 9. Nbd2 O-O 10. Kf1 Bc5 11. Ne5 Bf5 12. Bb3 Nbd7 13. Ndf3 Nb6 14.
Nh4 Be4 15. Bg5 Bxd5 16. Bxf6 gxf6 17. Nd7 Nxd7 18. Bxd5 c6 19. Bb3 Ne5 20. Nf5
Rad8 21. Nh6+ Kg7 22. Nf5+ Kg6 23. Nh4+ Kg7 24. Nf5+ Kh8 25. Nh6 Rd7 26. Rad1
a5 27. f4 Ng6 28. g3 b5 29. a4 Bb6 30. axb5 cxb5 31. h4 Ne7 32. Nxf7+ Kg7 33.
Re6 Bc5 34. Nd6 Bxd6 35. Rxd4 Nc8 36. c3 Rfd8 37. f5 Be5 38. Rg4+ Kh8 39. h5
Rg7 40. Rxg7 Kxg7 41. g4 Kh6 42. Rc6 Kg5 43. Be6 Ne7 44. Rb6 Kxg4 45. Rxb5 Kf3
46. Bb3 Nxf5 0-1

[Event "DM 2022 G5 1"]
[Site "Svendborg"]
[Date "2022.04.10"]
[Round "2"]
[White "Ostergreen Johansen, Benjamin"]
[Black "Larsen, Kasper"]
[Result "1-0"]
[WhiteElo "1800"]
[BlackElo "1815"]
[PlyCount "71"]
[EventDate "2022.04.09"]
[EventType "swiss"]
[EventRounds "5"]
[EventCountry "DEN"]

1. e4 d6 2. d4 Nf6 3. Nc3 c6 4. Bg5 Qa5 5. Qd2 Nbd7 6. O-O-O e5 7. f4 Be7 8.
Nf3 O-O 9. Kb1 Qc7 10. a4 a6 11. d5 exf4 12. e5 dxe5 13. d6 Bxd6 14. Qxd6 Qxd6
15. Rxd6 Ng4 16. Bd3 Nf2 17. Re1 Nxd3 18. cxd3 f6 19. Bh4 Nc5 20. Bf2 Nxd3 21.
Rxd3 Bf5 22. Ne4 Rfd8 23. Rxd8+ Rxd8 24. Kc1 h6 25. Bb6 Rd5 26. Nc5 g5 27. Rd1
e4 28. Rxd5 cxd5 29. Ne1 g4 30. Nxb7 g3 31. hxg3 fxg3 32. Bc7 e3 33. Bxg3 d4
34. Nc5 Kf7 35. Bf4 Bc8 36. Nf3 1-0

[Event "DM 2022 G5 1"]
[Site "Svendborg"]
[Date "2022.04.10"]
[Round "2"]
[White "Hanuscheck, Jorgen Peter"]
[Black "Velarde, Andrew"]
[Result "0-1"]
[WhiteElo "1631"]
[BlackElo "1753"]
[PlyCount "150"]
[EventDate "2022.04.09"]
[EventType "swiss"]
[EventRounds "5"]
[EventCountry "DEN"]

1. d4 d5 2. c4 e5 3. dxe5 d4 4. Nf3 Nc6 5. e3 Bb4+ 6. Bd2 dxe3 7. fxe3 Bg4 8.
Be2 Nge7 9. O-O O-O 10. Qc2 Bf5 11. e4 Bg6 12. Nc3 Nd4 13. Qd3 Bc5 14. Nxd4
Qxd4+ 15. Qxd4 Bxd4+ 16. Kh1 Bxe5 17. Bf4 Bxc3 18. bxc3 Bxe4 19. Bxc7 Rfe8 20.
a4 Rac8 21. Be5 Ng6 22. Bd4 Bxg2+ 23. Kxg2 Rxe2+ 24. Kg1 Rxc4 25. Rfb1 Re7 26.
a5 a6 27. Rb3 Nf4 28. Rab1 Rcc7 29. Kf1 h6 30. c4 Rxc4 31. Bf2 Ra4 32. Be1 Nd5
33. Rxb7 Rxb7 34. Rxb7 Ne3+ 35. Kg1 Nc4 36. Ra7 Nxa5 37. Rxa6 Rg4+ 38. Kf2 Nb3
39. Ra8+ Kh7 40. Rb8 Nc5 41. Kf3 Rg6 42. Bc3 Rc6 43. Ra8 Ne6 44. Ra3 Ng5+ 45.
Ke3 Re6+ 46. Kf4 Re4+ 47. Kg3 Rc4 48. Be5 f6 49. Bf4 Ne6 50. Bd2 Ng5 51. Bf4
Ne4+ 52. Kf3 Rc3+ 53. Rxc3 Nxc3 54. h4 Kg6 55. Kg4 h5+ 56. Kf3 Kf5 57. Bd2 Nd5
58. Be1 Ne7 59. Bd2 Ng6 60. Kg3 Ke4 61. Bc1 Ne7 62. Bb2 Nf5+ 63. Kh3 Kf3 64.
Bc3 Nd6 65. Bd4 Ne4 66. Bb6 g5 67. hxg5 fxg5 68. Bd8 Nf2+ 69. Kh2 g4 70. Bh4
Ne4 71. Be1 Nf2 72. Ba5 g3+ 73. Kg1 Nh3+ 74. Kf1 g2+ 75. Ke1 g1=Q+ 0-1

[Event "DM 2022 G5 1"]
[Site "Svendborg"]
[Date "2022.04.10"]
[Round "2"]
[White "Hansen, Jorgen Holm"]
[Black "Hansen, Allan Hallgren"]
[Result "0-1"]
[WhiteElo "1243"]
[BlackElo "1563"]
[PlyCount "72"]
[EventDate "2022.04.09"]
[EventType "swiss"]
[EventRounds "5"]
[EventCountry "DEN"]

1. e4 c6 2. Bc4 e6 3. Be2 d5 4. e5 Nd7 5. Nf3 Ne7 6. d4 Ng6 7. Bg5 Qb6 8. c3 c5
9. b3 cxd4 10. cxd4 Bb4+ 11. Nbd2 Bc3 12. Rc1 Bxd4 13. Nxd4 Qxd4 14. Nf3 Qxd1+
15. Rxd1 O-O 16. O-O Ndxe5 17. Nxe5 Nxe5 18. Bf4 Nc6 19. Bg3 Bd7 20. f4 f5 21.
Bb5 Rfc8 22. Bxc6 Rxc6 23. Rc1 Rac8 24. Rxc6 Rxc6 25. Rd1 Rc2 26. a4 Kf7 27.
Bf2 a6 28. g3 b5 29. axb5 Bxb5 30. Ra1 Bd3 31. Kg2 h6 32. Kg1 g5 33. h4 g4 34.
Kg2 Rb2 35. Kg1 Rxb3 36. Bd4 Rb1+ 0-1

[Event "DM 2022 G5 1"]
[Site "Svendborg"]
[Date "2022.04.10"]
[Round "2"]
[White "Perzynski, Oskar"]
[Black "Lauritsen, Johan"]
[Result "1-0"]
[WhiteElo "1400"]
[BlackElo "1446"]
[PlyCount "47"]
[EventDate "2022.04.09"]
[EventType "swiss"]
[EventRounds "5"]
[EventCountry "DEN"]

1. d4 Nf6 2. Nf3 g6 3. Be3 Bg7 4. Nc3 d6 5. Qd2 Nbd7 6. Bh6 O-O 7. Bxg7 Kxg7 8.
O-O-O c6 9. h4 Re8 10. e4 Nf8 11. e5 Nd5 12. Nxd5 cxd5 13. h5 Bg4 14. hxg6 fxg6
15. Qh6+ Kg8 16. Bd3 Bxf3 17. gxf3 Kf7 18. Qf4+ Kg8 19. Rdg1 dxe5 20. dxe5 e6
21. Bxg6 hxg6 22. Rh6 Kg7 23. Rgh1 Re7 24. Qf6+ 1-0

[Event "DM 2022 G5 1"]
[Site "Svendborg"]
[Date "2022.04.11"]
[Round "3"]
[White "Velarde, Andrew"]
[Black "Ostergreen Johansen, Benjamin"]
[Result "0-1"]
[WhiteElo "1753"]
[BlackElo "1800"]
[PlyCount "78"]
[EventDate "2022.04.09"]
[EventType "swiss"]
[EventRounds "5"]
[EventCountry "DEN"]

1. d4 Nf6 2. Bf4 d5 3. e3 c5 4. b3 Nc6 5. a3 e6 6. Nf3 Bd6 7. Ne5 Qc7 8. Nd3
Bxf4 9. Nxf4 cxd4 10. g3 Qe5 11. Nd3 Qe4 12. Rg1 dxe3 13. f3 Qd4 14. c3 e2 15.
cxd4 exd1=Q+ 16. Kxd1 Nxd4 17. Nd2 b6 18. Ne5 Nd7 19. Nd3 Ba6 20. Rc1 Rc8 21.
b4 Ke7 22. f4 Rxc1+ 23. Nxc1 Bxf1 24. Rxf1 Rc8 25. Rf2 Nc2 26. Nb1 Ne3+ 27. Kd2
Rc2+ 28. Kxe3 Rxc1 29. Rb2 Nf6 30. Kf3 Ne4 31. Kg2 f6 32. Nd2 Nxd2 33. Rxd2 Rc3
34. Ra2 d4 35. Kf2 Kd6 36. Ke2 Kd5 37. a4 Kc4 38. a5 b5 39. Rb2 d3+ 0-1

[Event "DM 2022 G5 1"]
[Site "Svendborg"]
[Date "2022.04.11"]
[Round "3"]
[White "Larsen, Kasper"]
[Black "Hansen, Martin"]
[Result "1-0"]
[WhiteElo "1815"]
[BlackElo "1703"]
[PlyCount "59"]
[EventDate "2022.04.09"]
[EventType "swiss"]
[EventRounds "5"]
[EventCountry "DEN"]

1. d4 Nf6 2. Nf3 d5 3. e3 g6 4. Bd3 Bg7 5. b3 b6 6. Bb2 O-O 7. Nbd2 Nc6 8. a3
a5 9. O-O Nh5 10. c4 Ba6 11. Qc2 e6 12. Rac1 Ne7 13. c5 Bxd3 14. Qxd3 f5 15.
Qb5 f4 16. Ng5 Rf6 17. e4 dxe4 18. Ndxe4 Nd5 19. Nxf6+ Qxf6 20. Qc6 Qxg5 21.
Qxa8+ Kf7 22. f3 Ne3 23. Rf2 Nd5 24. cxb6 cxb6 25. Rfc2 Ng3 26. Rc7+ Nxc7 27.
Rxc7+ Kf6 28. Qd8+ Kf5 29. Qxg5+ Kxg5 30. Rxg7 1-0

[Event "DM 2022 G5 1"]
[Site "Svendborg"]
[Date "2022.04.11"]
[Round "3"]
[White "Hansen, Allan Hallgren"]
[Black "Hanuscheck, Jorgen Peter"]
[Result "0-1"]
[WhiteElo "1563"]
[BlackElo "1631"]
[PlyCount "100"]
[EventDate "2022.04.09"]
[EventType "swiss"]
[EventRounds "5"]
[EventCountry "DEN"]

1. d4 Nf6 2. c4 e6 3. a3 b6 4. Nc3 d5 5. Bf4 Bd6 6. Bxd6 cxd6 7. cxd5 Nxd5 8.
Nxd5 exd5 9. e3 O-O 10. Be2 f5 11. Bf3 Bb7 12. Ne2 Nd7 13. O-O Nf6 14. Nf4 Qd7
15. Rc1 Rac8 16. Qb3 Qf7 17. Rc3 Rxc3 18. Qxc3 Rc8 19. Qd2 Ne4 20. Bxe4 dxe4
21. Rc1 Rxc1+ 22. Qxc1 g5 23. Ne2 d5 24. g3 h6 25. b4 Qd7 26. Nc3 a6 27. Ne2
Kf7 28. Kg2 Kf6 29. Kg1 Qc6 30. Qxc6+ Bxc6 31. Nc3 Ke6 32. Kg2 Kd6 33. h4 a5
34. b5 Bb7 35. a4 Ke6 36. Ne2 Kf6 37. hxg5+ hxg5 38. Ng1 Bc8 39. Ne2 Kg6 40.
Nc3 Be6 41. Ne2 Kh5 42. Ng1 Kg4 43. Ne2 Bf7 44. Ng1 f4 45. f3+ exf3+ 46. Nxf3
Kf5 47. gxf4 gxf4 48. exf4 Kxf4 49. Kf2 Be6 50. Ke2 Bg4 0-1

[Event "DM 2022 G5 1"]
[Site "Svendborg"]
[Date "2022.04.12"]
[Round "4"]
[White "Ostergreen Johansen, Benjamin"]
[Black "Mott, Jens"]
[Result "1-0"]
[WhiteElo "1800"]
[BlackElo "1923"]
[PlyCount "103"]
[EventDate "2022.04.09"]
[EventType "swiss"]
[EventRounds "5"]
[EventCountry "DEN"]

1. e4 e5 2. Nf3 Nc6 3. Bc4 Nf6 4. Ng5 d5 5. exd5 Na5 6. Bb5+ c6 7. dxc6 bxc6 8.
Bd3 h6 9. Ne4 Nd5 10. Nbc3 Nf4 11. Bf1 Be6 12. d4 f5 13. dxe5 Qxd1+ 14. Kxd1
Ng6 15. Nd6+ Bxd6 16. exd6 Rd8 17. Be3 Rxd6+ 18. Ke1 Bc4 19. b3 Bxf1 20. Kxf1
a6 21. g3 Nb7 22. Kg2 O-O 23. Rad1 f4 24. Rxd6 f3+ 25. Kh3 Nxd6 26. Bc5 Rf6 27.
Bxd6 Rxd6 28. Rd1 Re6 29. Rd3 Ne5 30. Re3 g5 31. g4 Ng6 32. Rxf3 Nf4+ 33. Kg3
Re1 34. h4 Rc1 35. hxg5 hxg5 36. Ne4 Ne2+ 37. Kg2 Nf4+ 38. Kh2 Rxc2 39. Nxg5
Ng6 40. Kg3 Rxa2 41. Rf6 Ne7 42. Ne6 Nd5 43. Rf8+ Kh7 44. Kh4 Nc3 45. f4 Ne4
46. g5 Rb2 47. f5 Rh2+ 48. Kg4 Rg2+ 49. Kf3 Rg3+ 50. Kxe4 Rxb3 51. g6+ Kh6 52.
Rh8# 1-0

[Event "DM 2022 G5 1"]
[Site "Svendborg"]
[Date "2022.04.12"]
[Round "4"]
[White "Hansen, Martin"]
[Black "Hansen, Allan Hallgren"]
[Result "1-0"]
[WhiteElo "1703"]
[BlackElo "1563"]
[PlyCount "37"]
[EventDate "2022.04.09"]
[EventType "swiss"]
[EventRounds "5"]
[EventCountry "DEN"]

1. e4 c6 2. d4 d5 3. Nc3 e6 4. Be3 Ne7 5. f4 g6 6. Nf3 Bg7 7. Bd3 O-O 8. h4 Nd7
9. h5 Nf6 10. hxg6 fxg6 11. Ne5 dxe4 12. Bxe4 Nf5 13. Qf3 Nxd4 14. Qh3 Nf5 15.
Bd2 Ne7 16. g4 Qd4 17. O-O-O Qc5 18. Bf3 a6 19. Ne4 1-0

[Event "DM 2022 G5 1"]
[Site "Svendborg"]
[Date "2022.04.12"]
[Round "4"]
[White "Hanuscheck, Jorgen Peter"]
[Black "Lauritsen, Johan"]
[Result "0-1"]
[WhiteElo "1631"]
[BlackElo "1446"]
[PlyCount "92"]
[EventDate "2022.04.09"]
[EventType "swiss"]
[EventRounds "5"]
[EventCountry "DEN"]

1. d4 Nf6 2. c4 g6 3. Nc3 Bg7 4. Nf3 d6 5. e4 O-O 6. Bd3 e5 7. dxe5 dxe5 8. h3
Nc6 9. Be3 h6 10. Qd2 Kh7 11. O-O Ne8 12. g4 f5 13. exf5 gxf5 14. Bxf5+ Bxf5
15. Qxd8 Rxd8 16. gxf5 Rxf5 17. Nd2 Nd4 18. Bxd4 Rg5+ 19. Kh1 exd4 20. Nce4 Rh5
21. Kg2 d3 22. Rab1 Nd6 23. Ng3 Rg5 24. b3 Nf5 25. Kh2 Nxg3 26. fxg3 Re5 27.
Rf2 Re2 28. Rbf1 Bd4 29. Rg2 Be3 30. Rd1 Kg6 31. Nf1 Kf5 32. Nxe3+ Rxe3 33.
Rf2+ Ke5 34. Kg2 Kd4 35. Rfd2 Kc3 36. Rf2 d2 37. Rff1 Rdd3 38. g4 Rg3+ 39. Kf2
Rgf3+ 40. Kg2 Rxf1 41. Kxf1 Kc2 42. Ke2 Re3+ 43. Kxe3 Kxd1 44. Kf4 Kc2 45. Kf5
d1=Q 46. Kg6 Qd2 0-1

[Event "DM 2022 G5 1"]
[Site "Svendborg"]
[Date "2022.04.12"]
[Round "4"]
[White "Perzynski, Oskar"]
[Black "Hansen, Jorgen Holm"]
[Result "1-0"]
[WhiteElo "1400"]
[BlackElo "1243"]
[PlyCount "79"]
[EventDate "2022.04.09"]
[EventType "swiss"]
[EventRounds "5"]
[EventCountry "DEN"]

1. d4 d5 2. Nf3 Bg4 3. Ne5 Be6 4. g3 Nc6 5. Nxc6 bxc6 6. Bg2 Nf6 7. c4 Bf5 8.
Nc3 e6 9. Qa4 Qd7 10. c5 Be7 11. Bg5 O-O 12. O-O h6 13. Bf4 a6 14. Rfe1 Rfb8
15. e4 dxe4 16. Nxe4 Nxe4 17. Bxe4 Bxe4 18. Rxe4 Rxb2 19. Rae1 Bg5 20. Qa3 Rbb8
21. Be5 f6 22. Bf4 Bxf4 23. gxf4 Re8 24. Qb3 Qd5 25. Qxd5 cxd5 26. Rxe6 Rxe6
27. Rxe6 a5 28. a4 Rb8 29. Ra6 Rb4 30. Rxa5 Rxd4 31. Ra8+ Kh7 32. a5 Rc4 33. a6
d4 34. a7 d3 35. Rh8+ Kg6 36. a8=Q Rc1+ 37. Kg2 d2 38. Rd8 Rxc5 39. Rxd2 Kh7
40. Qe4+ 1-0

[Event "DM 2022 G5 1"]
[Site "Svendborg"]
[Date "2022.04.13"]
[Round "5"]
[White "Hansen, Martin"]
[Black "Ostergreen Johansen, Benjamin"]
[Result "0-1"]
[WhiteElo "1703"]
[BlackElo "1800"]
[PlyCount "86"]
[EventDate "2022.04.09"]
[EventType "swiss"]
[EventRounds "5"]
[EventCountry "DEN"]

1. e4 e5 2. Bc4 Nf6 3. d4 exd4 4. Nf3 Bb4+ 5. c3 dxc3 6. bxc3 d5 7. exd5 Bd6 8.
O-O O-O 9. Bg5 Bg4 10. Nbd2 Nbd7 11. Qc2 h6 12. Bh4 Nb6 13. Bb3 g5 14. Bg3
Nbxd5 15. Ne4 Bxf3 16. gxf3 Bxg3 17. hxg3 Nb6 18. Rad1 Qe7 19. Nxg5 hxg5 20.
Qg6+ Kh8 21. Qxg5 Rg8 22. Qh4+ Kg7 23. Rd4 Qe5 24. f4 Qh5 25. Qg5+ Qxg5 26.
fxg5 Nh7 27. f4 Rad8 28. Re4 Rge8 29. Rfe1 Rxe4 30. Rxe4 Kf8 31. Bc2 Rd2 32.
Bb3 c6 33. Re5 Nd5 34. Rf5 Kg7 35. Re5 f6 36. gxf6+ Kxf6 37. c4 Nc3 38. c5 Ne2+
39. Kf1 Nxg3+ 40. Ke1 Rd7 41. Re6+ Kf5 42. Rd6 Rxd6 43. cxd6 Nf8 0-1

[Event "DM 2022 G5 1"]
[Site "Svendborg"]
[Date "2022.04.13"]
[Round "5"]
[White "Mott, Jens"]
[Black "Velarde, Andrew"]
[Result "1-0"]
[WhiteElo "1923"]
[BlackElo "1753"]
[PlyCount "71"]
[EventDate "2022.04.09"]
[EventType "swiss"]
[EventRounds "5"]
[EventCountry "DEN"]

1. e4 d5 2. Nc3 d4 3. Nce2 c5 4. Ng3 e5 5. Bc4 Nc6 6. d3 Nf6 7. N1e2 Na5 8.
Bb5+ Bd7 9. Bxd7+ Qxd7 10. Bd2 Nc6 11. h3 h6 12. Qc1 c4 13. O-O cxd3 14. cxd3
Rc8 15. Qe1 g6 16. Rc1 Bg7 17. a3 O-O 18. b4 Ne7 19. f4 h5 20. fxe5 Nh7 21. Qf2
Nc6 22. Rc5 Bxe5 23. Bh6 Rfd8 24. Nf4 Bh8 25. Ngxh5 Ne5 26. Rd5 Qe7 27. Rxd8+
Rxd8 28. Qg3 Nf6 29. Nxf6+ Bxf6 30. Nd5 Rxd5 31. exd5 Bh4 32. d6 Qxd6 33. Qxh4
Nxd3 34. Qf6 Qe5 35. Qxe5 Nxe5 36. Rd1 1-0

[Event "DM 2022 G5 1"]
[Site "Svendborg"]
[Date "2022.04.13"]
[Round "5"]
[White "Larsen, Kasper"]
[Black "Lauritsen, Johan"]
[Result "1-0"]
[WhiteElo "1815"]
[BlackElo "1446"]
[PlyCount "107"]
[EventDate "2022.04.09"]
[EventType "swiss"]
[EventRounds "5"]
[EventCountry "DEN"]

1. d4 Nf6 2. Nf3 g6 3. e3 b6 4. Bc4 Bb7 5. b3 Bg7 6. Bb2 d6 7. Nbd2 O-O 8. h4
h5 9. Bd3 c5 10. Qe2 cxd4 11. exd4 Nd5 12. Rg1 Nf4 13. Qe3 Nxd3+ 14. Qxd3 Nd7
15. g4 Nf6 16. gxh5 Nxh5 17. O-O-O Nf4 18. Qe3 Nd5 19. Qg5 e6 20. Qg3 Qf6 21.
Qxd6 Nf4 22. Rde1 Rac8 23. Kb1 Qf5 24. Nc4 Bxf3 25. Rg5 Rcd8 26. Rxf5 Rxd6 27.
Rxf4 Rd7 28. Rxf3 Rfd8 29. Ne5 Rd6 30. Nxf7 Rf8 31. Ne5 Rxf3 32. Nxf3 Kf7 33.
Ba3 Rd5 34. Ng5+ Ke8 35. Nxe6 Kf7 36. Nxg7 Kxg7 37. Re7+ Kf6 38. Rxa7 Rf5 39.
Rb7 Ra5 40. Rxb6+ Kf7 41. Bc5 Ra8 42. d5 Rc8 43. b4 Ke8 44. Rxg6 Rc7 45. Re6+
Kd8 46. Bb6 Kd7 47. Bxc7 Kc8 48. h5 Kd7 49. h6 Kxc7 50. h7 Kd7 51. h8=Q Kc7 52.
Qg7+ Kd8 53. Ra6 Ke8 54. Ra8# 1-0

[Event "DM 2022 G5 1"]
[Site "Svendborg"]
[Date "2022.04.13"]
[Round "5"]
[White "Hansen, Allan Hallgren"]
[Black "Perzynski, Oskar"]
[Result "1-0"]
[WhiteElo "1563"]
[BlackElo "1400"]
[PlyCount "53"]
[EventDate "2022.04.09"]
[EventType "swiss"]
[EventRounds "5"]
[EventCountry "DEN"]

1. d4 d5 2. c4 c6 3. Nc3 Nf6 4. Bf4 e6 5. e3 Qb6 6. Qb3 Bb4 7. Nf3 Ne4 8. Rc1
Nd7 9. Bd3 Bxc3+ 10. bxc3 Qxb3 11. axb3 Ndf6 12. h3 b6 13. Ne5 Bb7 14. cxd5
cxd5 15. Bb5+ Ke7 16. f3 Nd6 17. Bd3 Nh5 18. Bh2 f6 19. Ng4 g6 20. O-O Ng7 21.
Nxf6 Ndf5 22. e4 Nxd4 23. cxd4 Kxf6 24. Be5+ Kf7 25. Rc7+ Kf8 26. Bxg7+ Kg8 27.
Bxh8 1-0

[Event "DM 2022 G5 1"]
[Site "Svendborg"]
[Date "2022.04.13"]
[Round "5"]
[White "Hansen, Jorgen Holm"]
[Black "Hanuscheck, Jorgen Peter"]
[Result "0-1"]
[WhiteElo "1243"]
[BlackElo "1631"]
[PlyCount "50"]
[EventDate "2022.04.09"]
[EventType "swiss"]
[EventRounds "5"]
[EventCountry "DEN"]

1. e4 c5 2. Bc4 Nc6 3. Nf3 Nf6 4. d3 d5 5. exd5 Nxd5 6. Nc3 Nxc3 7. bxc3 Bg4 8.
Ba3 e5 9. O-O Qf6 10. Bd5 Rd8 11. Bxc6+ bxc6 12. Re1 Be7 13. Re4 Bh5 14. g4 Bg6
15. Rxe5 Rd5 16. Rxd5 cxd5 17. d4 O-O 18. Rb1 Bxc2 19. Qxc2 Qxf3 20. Rb7 Qxg4+
21. Kf1 Bd6 22. Bxc5 Qh3+ 23. Ke2 Re8+ 24. Kd1 Qf1+ 25. Kd2 Bf4# 0-1